Former Stadiums of Major League Baseball - Statistics

General Stats
  • This quiz has been taken 27 times
  • The average score is 17 of 22
Answer Stats
Stadium AKA Answer % Correct
Tiger Stadium Detroit Tigers
100%
Astrodome Houston Astros
95%
Sportsman's Park Busch Stadium I St Louis Cardinals
95%
Ebbets Field Brooklyn Dodgers
91%
Mile High Stadium Colorado Rockies
91%
Hubert H. Humphrey Metrodome Minnesota Twins
91%
Three Rivers Stadium Pittsburgh Pirates
91%
Candlestick Park San Francisco Giants
91%
Kingdome King County Stadium Seattle Mariners
91%
Comiskey Park Old Comiskey Park Chicago White Sox
86%
Polo Grounds New York Giants
86%
Arlington Stadium Texas Rangers
86%
Los Angeles Colliseum Los Angeles Dodgers
82%
Jack Murphy Stadium Qualcomm Stadium San Diego Padres
82%
RFK Stadium Washington Nationals
77%
Joe Robbie Stadium Pro Player Stadium, etc. Florida Marlins
68%
Crosley Field Cincinnati Reds
59%
Jarry Park Parc Jarry Montreal Expos
59%
Shibe Park Connie Mack Stadium Philadelphia Athletics
59%
Exhibition Stadium The Mistake by the Lake Toronto Blue Jays
45%
Griffith Stadium Washington Senators
45%
Baker Bowl National League Park Philadelphia Phillies
41%
No matching quizzes found
Score Distribution
Percent of People with Each Score
Percentile by Number Answered
Your Score History
You have not taken this quiz